[Event "TUR-chT 1st League"]
[Site "Denizli"]
[Date "2024.07.19"]
[Round "7.54"]
[White "Maras, Huseyin Kayra"]
[Black "Arnas, Enes Bugra"]
[Result "0-1"]
[WhiteElo "1775"]
[BlackElo "1784"]
[PlyCount "72"]
[EventDate "2024.07.15"]
[EventType "team-swiss"]
[EventRounds "9"]
[EventCountry "TUR"]
[SourceTitle "EXT 2025"]
[Source "ChessBase"]
[SourceDate "2024.10.14"]
[SourceVersion "1"]
[SourceVersionDate "2024.10.14"]
[SourceQuality "1"]
[WhiteTeam "Karaman Saglik"]
[BlackTeam "Ankara Demirspor"]
[WhiteTeamCountry "TUR"]
[BlackTeamCountry "TUR"]

1. d4 Nf6 2. Nf3 g6 3. Nbd2 Bg7 4. e4 d6 5. Bd3 0-0 6. 0-0 Nc6 7. c3 e5 8. dxe5 Nxe5 9. Nxe5 dxe5 10. Qe2 Nh5 11. Nc4 Nf4 12. Bxf4 exf4 13. a4 Qg5 14. f3 Be6 15. Rad1 Rad8 16. Na3 Bxc3 17. Kh1 Bd4 18. Nb5 c6 19. Nxd4 Rxd4 20. Bc2 Rfd8 21. Rxd4 Rxd4 22. Rd1 Qc5 23. g3 Bc4 24. Qe1 Rxd1 25. Qxd1 Qf2 26. e5 Kg7 27. Bd3 Bd5 28. Be2 fxg3 29. hxg3 Qxg3 30. e6 Qh3+ 31. Kg1 Qxe6 32. Qd4+ Qf6 33. Qxa7 Qxb2 34. Qe3 h6 35. f4 Qb1+ 36. Kf2 Qe4 0-1

[Event "TUR-chT 1st League"]
[Site "Denizli"]
[Date "2024.07.15"]
[Round "1.54"]
[White "Arnas, Enes Bugra"]
[Black "Kabul, Tarik"]
[Result "0-1"]
[WhiteElo "1784"]
[BlackElo "1636"]
[PlyCount "64"]
[EventDate "2024.07.15"]
[EventType "team-swiss"]
[EventRounds "9"]
[EventCountry "TUR"]
[SourceTitle "EXT 2025"]
[Source "ChessBase"]
[SourceDate "2024.10.14"]
[SourceVersion "1"]
[SourceVersionDate "2024.10.14"]
[SourceQuality "1"]
[WhiteTeam "Ankara Demirspor"]
[BlackTeam "Bulancak Ihsaniye Genclik"]
[WhiteTeamCountry "TUR"]
[BlackTeamCountry "TUR"]

1. e4 c5 2. Nf3 e6 3. c3 d5 4. exd5 Qxd5 5. d4 Nf6 6. Na3 Qd8 7. Nc2 Nc6 8. Bd3 Be7 9. a4 0-0 10. 0-0 b6 11. Qe2 Bb7 12. Bf4 Rc8 13. Rfd1 Nh5 14. Bc1 Qc7 15. Ne5 g6 16. Nxc6 Qxc6 17. f3 Bd6 18. Be4 Qc7 19. g3 Rfe8 20. Bxb7 Qxb7 21. dxc5 Bxc5+ 22. Be3 Nf6 23. Bxc5 bxc5 24. Na3 Rb8 25. Nb5 Red8 26. Qe5 Qxf3 27. Rxd8+ Rxd8 28. Rf1 Rd1 29. Rxd1 Qxd1+ 30. Kg2 Ng4 31. Qf4 Qe2+ 32. Kh3 Nf2+ 0-1